Integrating college study skills (Record no. 2227)
[ view plain ]
| 000 -LEADER | |
|---|---|
| fixed length control field | nam a22 a 4500 |
| 005 - DATE AND TIME OF LATEST TRANSACTION | |
| control field | 20170515160048.0 |
| 008 - FIXED-LENGTH DATA ELEMENTS--GENERAL INFORMATION | |
| fixed length control field | 170515b1996 enk||||| |||| 00| 0 eng d |
| 020 ## - INTERNATIONAL STANDARD BOOK NUMBER | |
| International Standard Book Number | 0534028233 |
| Terms of availability | £23.50 |
| 040 ## - CATALOGING SOURCE | |
| Original cataloging agency | AKMAL |
| 082 ## - DEWEY DECIMAL CLASSIFICATION NUMBER | |
| Edition number | 20 |
| Classification number | 378.17/028 SOT |
| 090 ## - LOCALLY ASSIGNED LC-TYPE CALL NUMBER (OCLC); LOCAL CALL NUMBER (RLIN) | |
| Classification number (OCLC) (R) ; Classification number, CALL (RLIN) (NR) | 378.17/028 |
| Local cutter number (OCLC) ; Book number/undivided call number, CALL (RLIN) | SOT |
| 100 ## - MAIN ENTRY--PERSONAL NAME | |
| Personal name | Sotiriou, Peter Elias. |
| 9 (RLIN) | 4684 |
| 245 10 - TITLE STATEMENT | |
| Title | Integrating college study skills |
| Remainder of title | reasoning in reading, listening, and writing / |
| Statement of responsibility, etc. | Peter Elias Sotiriou. |
| 250 ## - EDITION STATEMENT | |
| Edition statement | 4th ed |
| 260 ## - PUBLICATION, DISTRIBUTION, ETC. | |
| Place of publication, distribution, etc. | Belmont,Calif. |
| Name of publisher, distributor, etc. | Wadsworth |
| Date of publication, distribution, etc. | c1996. |
| 300 ## - PHYSICAL DESCRIPTION | |
| Extent | xvi, 416 p. |
| Other physical details | ill. |
| Dimensions | 24cm |
| 504 ## - BIBLIOGRAPHY, ETC. NOTE | |
| Bibliography, etc. note | Includes bibliographical references and index. |
| 650 ## - SUBJECT ADDED ENTRY--TOPICAL TERM | |
| Topical term or geographic name entry element | Study skills. |
| 9 (RLIN) | 1091 |
| 852 ## - LOCATION | |
| Location | British Library |
| Sublocation or collection | HMNTS |
| 942 ## - ADDED ENTRY ELEMENTS (KOHA) | |
| Source of classification or shelving scheme | |
| Koha item type | Book |
| Withdrawn status | Lost status | Source of classification or shelving scheme | Damaged status | Not for loan | Collection code | Home library | Current library | Shelving location | Date acquired | Inventory number | Total Checkouts | Full call number | Barcode | Date last seen | Price effective from | Koha item type |
|---|---|---|---|---|---|---|---|---|---|---|---|---|---|---|---|---|
| NON-FICTION | AKMAL Melaka | AKMAL Melaka | PINJAMAN | 15.05.2017 | 301817 | 378.17/028 SOT | 201706394 | 15.05.2017 | 15.05.2017 | Book |
